000 00426nam a2200181Ia 4500
001 4759
005 20260306145819.0
008 260306t2004||||xx |||||||||||||| ||spa||
041 _aESP
082 _a330.015195
_bS17
100 _aSalvatore, Dominick
_eAUT
245 0 _aEstadística y econometría
260 _c2004
300 _a352 páginas :
_c27 cm.
650 _aGEN
654 _aCAN
942 _cLIB
_dJUS
_fJUS
_2ddc
_n
999 _c4759
_d4759